000
00222 a2200097 4500
001
23591
100
_a
Drake, A.W
245
_a
Fundamentals of applied probability
260
_a
_b
McGraw-Hill
_c
1967
090
_c
15976
_d
15976
942
_a
NUST-CAE
_c
M
_c
6642
999
_c
258664
_d
258664